000 00651nam a22002297a 4500
001 29301
003 UA-OsUOA
005 20210916221150.0
007 ta
008 20041006b un ||||| |||| 00| 0 ukr d
040 _aUA-OsUOA
_brus
_cUA-OsUOA
_dUA-OsUOA
041 _arus
044 _aRU
080 _a81'0
090 _a81'0
_bО-94
245 _aОчерки и исследования по истории языка
_cред. Б. А. Ларин
260 _aЛенинград
_bИздательство Ленинградского университета
_c1957
300 _a286 с.
650 7 _2UDC
942 _cBK
_2udc
955 _a0
999 _c315684
_d315684